00483 2200169 4500001002100000008004100021035002000062245006400082100002700146260004300173300002300216020002200239084001400261082000800275650001700283990001300300INLIS000000000000384 Ind  a0010-0226000384 aSenjata-Senjata Yang Mengubah DuniacThomas K. & I. Ibrahim aThomas K. & I. Ibrahim aYogyakarta :bMata Padi Presindoc2010 a194 hlm.c15,5 cm. a978-602-95337-2-9 a600 THO s a600 aIlmu Terapan ap/3281/2